|
|
|
|
| LEADER |
00000nam a2200000 4500 |
| 008 |
150806b2013 cr ||||| |||| 00| | spa d |
| 090 |
|
|
|a 06.02.01
|b 2001 (2013)
|
| 100 |
1 |
|
|9 110
|a González Zúñiga, Marianela
|
| 245 |
1 |
0 |
|a Plan de los 200 días lectivos del Ministerio de Educación Pública de Costa Rica: Metodología en la enseñanza de adultos /
|c Marianela González Zúñiga y Clyde Caldwell Bermúdez
|
| 260 |
|
|
|a San José, Costa Rica :
|b INIE. MEP. Instituto de Desarrollo Profesional Uladislao Gámez Solano,
|c 2013
|
| 300 |
|
|
|a 1 volumen (en varias paginaciones)
|
| 650 |
1 |
4 |
|9 729
|a CAPACITACIÓN
|
| 650 |
1 |
4 |
|9 331
|a DOCENTES
|
| 700 |
1 |
|
|9 728
|a Caldwell Bermúdez, Clyde
|
| 942 |
|
|
|i 003792
|h 06.02.01 2001 (2013)
|2 z
|c 01
|
| 999 |
|
|
|c 2773
|d 2773
|